Central Library OPAC University of Rajshahi

Psychotherapy and psychoanalysis : (Record no. 29345)

MARC details
000 -LEADER
fixed length control field 00947cam a2200301 4500
001 - CONTROL NUMBER
control field 29345
003 - CONTROL NUMBER IDENTIFIER
rucl marc code BD-RjUL
005 - DATE AND TIME OF LATEST TRANSACTION
control field 20211209051412.0
008 - FIXED-LENGTH DATA ELEMENTS--GENERAL INFORMATION
fixed length control field 140409s1975 nyu b 001 0 eng b
020 ## - INTERNATIONAL STANDARD BOOK NUMBER
International Standard Book Number 0823654108
035 ## - SYSTEM CONTROL NUMBER
System control number (BD-RjUL)29430
040 ## - CATALOGING SOURCE
Original cataloging agency DLC
Transcribing agency DLC
Modifying agency DLC
-- BD-RjUL
Language of cataloging eng
041 ## - LANGUAGE CODE
Language code of text/sound track or separate title eng
060 ## - NATIONAL LIBRARY OF MEDICINE CALL NUMBER
Classification number WM11 W198p 1974
082 00 - DEWEY DECIMAL CLASSIFICATION NUMBER
Classification number 616.891408
Author mark and year WAP 1975
100 1# - MAIN ENTRY--PERSONAL NAME
Personal name Wallerstein, Robert S.
9 (RLIN) 92497
245 00 - TITLE STATEMENT
Title Psychotherapy and psychoanalysis :
Remainder of title theory--practice--research /
Statement of responsibility, etc. [by] Robert S. Wallerstein.
260 ## - PUBLICATION, DISTRIBUTION, ETC. (IMPRINT)
Place of publication, distribution, etc. New York :
Name of publisher, distributor, etc. International Universities Press,
Date of publication, distribution, etc. c1975.
300 ## - PHYSICAL DESCRIPTION
Pagination viii, 475 p. ;
Size 24 cm.
504 ## - BIBLIOGRAPHY, ETC. NOTE
Bibliography, etc Includes Bibliography: p. 442-463 and index.
650 #0 - SUBJECT ADDED ENTRY--TOPICAL TERM
Topical term or geographic name as entry element Psychotherapy.
9 (RLIN) 92498
Topical term or geographic name as entry element Psychoanalysis.
9 (RLIN) 92499
Topical term or geographic name as entry element Psychoanalysis
General subdivision History.
9 (RLIN) 89520
Topical term or geographic name as entry element Psychotherapy
General subdivision History.
9 (RLIN) 92500
942 ## - ADDED ENTRY ELEMENTS (KOHA)
Source of classification or shelving scheme Dewey Decimal Classification
Koha item type Books
Holdings
Lost status Source of classification or shelving scheme Damaged status Not for loan Collection code Permanent Location Current Location Shelving location Date acquired Source of acquisition Cost, normal purchase price Total Checkouts Full call number Date last seen Copy number Koha item type
  Dewey Decimal Classification   Not For Loan Non-fiction Central Library, University of Rajshahi Central Library, University of Rajshahi Reading Room 14/05/1977 Heffers Sons Ltd 8.40   616.891408 WAP 1975 09/04/2014 C-1 Books